Catálogo público

Breeding for disearse resistance / (Record no. 200297)

MARC details
000 -CABECERA
campo de control de longitud fija 00889nam a2200301Ia 4500
001 - NÚMERO DE CONTROL
campo de control Para_1679
003 - IDENTIFICADOR DEL NÚMERO DE CONTROL
campo de control CHAP
008 - DATOS DE LONGITUD FIJA--INFORMACIÓN GENERAL
campo de control de longitud fija 220125s1992 xx 000 0 und d
010 ## - NÚMERO DE CONTROL DE LA BIBLIOTECA DEL CONGRESO
Número de control de LC 200297
040 ## - FUENTE DE LA CATALOGACIÓN
Centro/agencia transcriptor CHAP
082 ## - NÚMERO DE LA CLASIFICACIÓN DECIMAL DEWEY
Número de clasificación PA 631.522 J6
100 ## - ENTRADA PRINCIPAL--NOMBRE DE PERSONA
Nombre de persona Johnson, R.
9 (RLIN) 61863
245 ## - MENCIÓN DE TÍTULO
Título Breeding for disearse resistance /
Mención de responsabilidad, etc. by R. Johnson and G.J. Jellis
260 ## - PUBLICACIÓN, DISTRIBUCIÓN, ETC.
Lugar de publicación, distribución, etc. Dardrecht, The Netherlands :
Nombre del editor, distribuidor, etc. Kluwer
300 ## - DESCRIPCIÓN FÍSICA
Extensión 205 p.
440 ## - MENCIÓN DE SERIE/PUNTO DE ACCESO ADICIONAL--TÍTULO
Título Developments in plant pathology; 1
9 (RLIN) 165172
650 ## - PUNTO DE ACCESO ADICIONAL DE MATERIA--TÉRMINO DE MATERIA
Término de materia o nombre geográfico como elemento de entrada Plantas
Subdivisión general mejoramiento
9 (RLIN) 88849
650 ## - PUNTO DE ACCESO ADICIONAL DE MATERIA--TÉRMINO DE MATERIA
Término de materia o nombre geográfico como elemento de entrada Plantas
Subdivisión general resistencia a enfermedades
9 (RLIN) 88882
650 ## - PUNTO DE ACCESO ADICIONAL DE MATERIA--TÉRMINO DE MATERIA
Término de materia o nombre geográfico como elemento de entrada Plantas
Subdivisión general resistencia a plagas
9 (RLIN) 88885
700 ## - PUNTO DE ACCESO ADICIONAL--NOMBRE DE PERSONA
Nombre de persona Jellis, G.J.
9 (RLIN) 61298
901 ## - ELEMENTOS DE DATOS A LOCAL LDA (RLIN)
a PA 631.522 J6
902 ## - ELEMENTOS DE DATOS B LOCAL, LDB (RLIN)
a A
905 ## - ELEMENTOS DE DATOS E LOCAL, LDE (RLIN)
a 0000001992 aib 0000000000 00
910 ## - DATOS DE OPCIÓN DEL USUARIO (OCLC)
Datos de opción del usuario 1992
942 ## - ELEMENTOS DE PUNTO DE ACCESO ADICIONAL (KOHA)
Tipo de ítem Koha Parasitologia_
942 ## - ELEMENTOS DE PUNTO DE ACCESO ADICIONAL (KOHA)
Tipo de ítem Koha Parasitologia_
-- 1
Holdings
Estado de retiro Estado de pérdida Fuente del sistema de clasificación o colocación Estado dañado No para préstamo Código de colección Localización permanente Ubicación/localización actual Fecha de adquisición Número de inventario Total de préstamos Signatura topográfica completa Código de barras Fecha visto por última vez Número de copia Precio válido a partir de Tipo de ítem Koha Nota pública
    Dewey Decimal Classification     General Parasitologia Agricola Parasitologia Agricola 27/10/2005 (PA_7385) (No. UACh C/E)   PA 631.522 J6 4102001596 25/01/2022 Ej.1 25/01/2022 Libro 3